00827cam a2200217Ii 4500020001800000020001500018040000800033082002600041245006800067300004000135490008200175500004100257500017100298650001900469650002400488650001200512650001700524700002100541700002800562700001900590 a9782503549453 a2503549454 cOHX04a133 ECO 1959 C154 Or.00aNoms barbares I :bFormes et contextes d'une pratique magique / a426 pages :billustrations ;c24 cm1 aBibliotheque de l'Ecole des hautes etudes. Section des sciences religieuses ; aInternational conference proceedings aPapers presented at Michel Tardieu's seminar, Coll©·ge de France, 2006-2008, and at meetings organized by Projet CENOB (Corpus des ©♭nonc©♭s de noms barbares) 0aMagic, Ancient 0aImaginary languages 0aTheurgy 0aIncantations1 aTardieu, Michel,1 aKerchove, Anna Van den,1 aZago, Michela,